Normal view
MARC view
- Gloor, Peter
Entry Personal Name
001 - CONTROL NUMBER
- control field: 80547
003 - CONTROL NUMBER IDENTIFIER
- control field: NUST
005 - DATE AND TIME OF LATEST TRANSACTION
- control field: 20210628210703.0
008 - FIXED-LENGTH DATA ELEMENTS
- fixed length control field: 210628|| aca||aabn | a|a d
040 ## - CATALOGING SOURCE
- Original cataloging agency: NUST
- Transcribing agency: NUST
100 ## - HEADING--PERSONAL NAME
- Personal name: Gloor, Peter
670 ## - SOURCE DATA FOUND
- Source citation: Work cat.: (NUST): Gloor, Peter, Making the e-business transformation, 2000
